000 01348nab a2200217 i 4500
001 768714001
003 CO-MdFUSB
005 20240609105617.0
008 240604t1978 ag ||||| |||| 00| 0 spa d
040 _bspa
_cCO-MdFUSB
_dCO-MdFUSB
041 _aspa
100 _aStott, John R. W.,
_eautor
245 1 _aEn sus pasos :
_bla compasión de Jesús
_c/John R. W. Stott
520 _a ¿A qué Cristo seguimos? Se nos han difundido identidades erróneas del auténtico Jesús como un luchador rebelde, una "estrella" ineficaz o simplemente un torpe payaso de circo. Nuestra percepción de Jesús puede estar distorsionada. "Sígueme", dijo. "Sí, Señor, te seguiremos", fue nuestra rápida respuesta.Inspira, pero no hace justicia; reconforta la mente sin ponerle las cosas difíciles. Inspira, pero no hace justicia; reconforta la mente sin ponerle las cosas difíciles. Algunos acogen con entusiasmo el mandato de evangelizar, pero no reconocen la necesidad de ayudar a los necesitados.
650 7 _aCristología
_9239
650 0 _aEvangelización
_9362
650 7 _aAmor
_xAspectos religiosos
_vCristianismo
_9255
773 0 _069974
_982718
_dBuenos Aires
_oR2610
_tCerteza
_w(CO-MdFUSB)768714001
_gNúmero 69, (enero - marzo, 1978) páginas: 138 - 143
_qpágina: 138
942 _cANA
945 _aCatherine Arias Alvarez - Practicante SENA
999 _c70060
_d70060